000 00239nam a22000857a 4500
008 131220b xxu||||| |||| 00| 0 eng d
020 _cAvailable
245 _aTheory and practice of Journalism
_cAhuja, B. N
260 _aIndia
_bSungeet Publication
999 _c76
_d76